MARC

LEADER 00000nam0a2200000 4500
001 34848
005 20231101210249.0
010 |a 502013774X 
035 |a (RuTPU)RU\TPU\book\35259 
035 |a BOOK00001911 
090 |a 34848 
100 |a 20011210d1988 m y0rusy50 ca 
101 0 |a rus 
102 |a RU 
105 |a y j 000zy 
200 1 |a Задачи по программированию  |f С. А. Абрамов [и др.] 
210 |a Москва  |c Наука  |d 1988 
215 |a 223 с. 
225 1 |a Библиотечка программиста  |v Вып. 56 
606 |a Программирование  |2 stltpush  |3 (RuTPU)RU\TPU\subj\51780  |9 70345 
610 1 |a задачи 
610 1 |a методы трансляции 
610 1 |a языки 
675 |a 004.42(076)  |v 4 
701 1 |a Абрамов  |b С. А.  |g Сергей Александрович 
701 1 |a Гнездилова  |b Г. Г.  |g Галина Георгиевна 
701 1 |a Капустина  |b Е. Н.  |g Елена Николаевна 
701 1 |a Селюн  |b М. И.  |g Михаил Иванович 
801 0 |a RU  |b 63413507  |c 20011210  |g PSBO 
801 2 |a RU  |b 63413507  |c 20200613  |g PSBO 
900 |a Языки программирования и методы трансляции 
942 |c BK